Asia Map Quiz - "E" Cities - Statistics

General Stats
  • This quiz has been taken 53 times
  • The average score is 7 of 15
Answers on the Map
Answers color-coded by a green-red scale on the quiz's map according to % correct below.
 
Answer Stats
Answer % Correct
El Salvador City
84%
Erbil
82%
Ezhou
82%
Eliat
70%
Eskişehir
66%
Esfarayen
43%
Ekibastuz
41%
Elâzığ
41%
Erenhot
41%
Eluru
34%
Erdenet
34%
Eslamabad-e-Gharb
32%
Einme
30%
Eydhafushi
27%
Ebina
25%
No matching quizzes found
Score Distribution
Percent of People with Each Score
Percentile by Number Answered
Your Score History
You have not taken this quiz